00702nam a2200193 i 450000100060000000300090000600500170001500700030003200800410003511100850007624500360016126000380019730000220023549000610025750000570031871000410037583000610041685200310047746084ES-MaACL20250828084000.0t|030327s1948 sz ||||1| fre d2 aConférence Internationale de l'Instruction Publique (n11ª. d1948.cGinebra)12aL'enseignement de l'écriture. aGenève, ect. : b[s.n., c1948] a126 p. ; c24 cm.1 aPublications du Bureau International d'Education ; v102 aPrecede al tít.: Bureau International d'Education.20aOficina Internacional de Educación0 aPublications du Bureau International d'Education ; v102 aES-MaACLjC-5422 bR.26092